000 00614cam a22002173a 4500
001 42163
003 PGUSA
005 20140828083942.0
008 130222s2013||||xxu|||||s|||||000 | eng d
040 _aPGUSA
_beng
042 _adc
100 1 _aMason, James
245 1 0 _aBernardino Luini :
_bMasterpieces in Colour Series
_h[electronic resource] /
_cJames Mason
260 _bProject Gutenberg,
_c2013
506 _aPublic domain in the USA.
516 _aElectronic text
700 1 _aHare, T. Leman
830 0 _aProject Gutenberg
_v42163
856 4 0 _uhttp://www.gutenberg.org/ebooks/42163
942 _cEB
999 _c271415
_d271415